Plumas de vanidad / (Registro nro. 7090)
[ vista simple ]
| 000 -LIDER | |
|---|---|
| fixed length control field | 00808nam a2200265 a 4500 |
| 001 - NÚMERO DE CONTROL | |
| Identificador de número de control | 000044492 |
| 003 - IDENTIFICACDOR DE NÚMERO DE CONTROL | |
| control field | 000044492 |
| 005 - DATE AND TIME OF LATEST TRANSACTION | |
| control field | 20171103112552.0 |
| 008 - ELEMENTOS DE LONGITUD FIJA | |
| fixed length control field | 140703s2006 dr a 000 0 spa d |
| 020 ## - ISBN | |
| International Standard Book Number | 9993479683 |
| 040 ## - FUENTE DE CATALOGACIÓN | |
| Agencia que crea de manera original el registro | BPMSU |
| Idioma de catalogación | spa |
| Agencia que realiza la transcripción | BPMSU |
| 082 ## - NÚMERO DE CLASIFICACIÓN DECIMAL DE DEWEY | |
| Classification number | RD863.5 |
| Item number | P573p |
| 100 1# - ASIENTO PRINCIPAL -- NOMBRE PERSONAL | |
| Nombre personal | Phipps, Miguel |
| 245 10 - MENCIÓN DE TITULO | |
| Título | Plumas de vanidad / |
| Mención de responsabilidad | Miguel Phipps ; diseño e ilustraciones Ohanda Coste. |
| 260 ## - PUBLICACIÓN, DISTRIBUCIÓN, ETC. (PIE DE IMPRENTA) | |
| Lugar de publicación, distribución, etc | Santo Domingo : |
| Nombre del editor, distribuidor, etc. | Búho, |
| Fecha de publicación, distribución, etc | 2006. |
| 300 ## - DESCRIPCIÓN FÍSICA | |
| Extensión | 20 p. : |
| Otros detalles físicos | il. ; |
| Dimensiones | 28 cm. |
| 490 1# - MENCIÓN DE SERIES | |
| Mención de serie | Infantil Phipps |
| Volume/sequential designation | 10 |
| 650 ## - ENCABEZAMIENTO DE MATERIA--TEMÁTICO | |
| Fuente del encabezamiento o término | CUENTOS INFANTILES DOMINICANOS |
| 650 ## - ENCABEZAMIENTO DE MATERIA--TEMÁTICO | |
| Fuente del encabezamiento o término | LITERATURA INFANTIL DOMINICANA |
| 700 12 - ASIENTO SECUNDARIO -- NOMBRE PERSONAL | |
| Nombre personal | Coste, Ohanda |
| Mención de responsabilidad | il. |
| 830 #0 - ASIENTO SECUNDARIO DE SERIE--TÍTULO UNIFORME | |
| Título uniforme | Infantil Phipps ; |
| Número de la parte o sección de una obra | 10 |
| 942 ## - ADDED ENTRY ELEMENTS (KOHA) | |
| Source of classification or shelving scheme | Dewey Decimal Classification |
| Koha item type | Libros |
| 945 ## - INFORMACIÓN DE PROCESAMIENTO LOCAL | |
| Información de procesamiento local | Inventariado infantil dom / 2017 |
| 956 ## - LOCAL ELECTRONIC LOCATION AND ACCESS (OCLC) | |
| Nombre de host | VMATEO |
| Número de acceso | 10 |
| Información de compresión | 20150710 |
| Inicio de sesión | BPMSU |
| Procesador de solicitud | 0069 |
| Withdrawn status | Lost status | Source of classification or shelving scheme | Damaged status | Not for loan | Collection code | Home library | Current library | Date acquired | Total Checkouts | Full call number | Barcode | Date last seen | Price effective from | Koha item type | Copy number |
|---|---|---|---|---|---|---|---|---|---|---|---|---|---|---|---|
| Dewey Decimal Classification | Colección Infantil Dominicana | Biblioteca Pública Metropolitana Salomé Ureña | Biblioteca Pública Metropolitana Salomé Ureña | 07/07/2014 | RD863.5 P573p | BPMSU15040447 | 07/07/2014 | 07/07/2014 | Libros | ||||||
| Dewey Decimal Classification | Colección Infantil Dominicana | Biblioteca Pública Metropolitana Salomé Ureña | Biblioteca Pública Metropolitana Salomé Ureña | 07/07/2014 | RD863.5 P573p | BPMSU15040448 | 07/07/2014 | Libros | e. 2 |